Derecho, moral y política : Una revisión de la teoría general del derecho /
Guardado en:
| Autor Principal: | |
|---|---|
| Formato: | Libro |
| Idioma: | Spanish |
| Publicado: |
Ciudad Autónoma de Buenos Aires :
Siglo Veintiuno,
2020.
|
| Edición: | 2a. ed. |
| Series: | Política y Derecho
|
| Materias: | |
| Etiquetas: |
Agregar Etiqueta
Sin Etiquetas, Sea el primero en etiquetar este registro!
|
| LEADER | 00569nam a22001695a 4500 | ||
|---|---|---|---|
| 001 | DER.der014709 | ||
| 008 | 220511s2020####ag############000#0#spa#d | ||
| 005 | 20241106154030.0 | ||
| 245 | 1 | 0 | |a Derecho, moral y política : |b Una revisión de la teoría general del derecho / |c Carlos Nino. |
| 250 | |a 2a. ed. | ||
| 260 | |a Ciudad Autónoma de Buenos Aires : |b Siglo Veintiuno, |c 2020. | ||
| 300 | |a 199 p. | ||
| 490 | 1 | |a Política y Derecho | |
| 020 | |a 9789876294102 | ||
| 100 | 1 | |a Nino, Carlos Santiago. | |
| 650 | 7 | |a FILOSOFIA DEL DERECHO | |
| 859 | |a DERECHO |b BIB. DERECHO |h 340.1 |i NIN |p 0010053 | ||
